PENGURUSAN KEWANGAN : (Record no. 192535)

MARC details
000 -LEADER
fixed length control field 00893nam a2200253 i 4500
005 - DATE AND TIME OF LATEST TRANSACTION
control field 20230717162906.0
008 - FIXED-LENGTH DATA ELEMENTS--GENERAL INFORMATION
fixed length control field 230717t20032003my g 000 0 may d
020 ## - INTERNATIONAL STANDARD BOOK NUMBER
International Standard Book Number 9789679933994
Qualifying information paperback
Terms of availability RM10.00 (Hadiah)
040 ## - CATALOGING SOURCE
Original cataloging agency PPAK
Language of cataloging eng
Transcribing agency PPAK
Description conventions rda
082 04 - DEWEY DECIMAL CLASSIFICATION NUMBER
Edition number 23
Classification number 352.409595
090 00 - LOCALLY ASSIGNED LC-TYPE CALL NUMBER (OCLC); LOCAL CALL NUMBER (RLIN)
Classification number (OCLC) (R) ; Classification number, CALL (RLIN) (NR) 352.409595
Feature heading PEN
Feature heading G
245 00 - TITLE STATEMENT
Title PENGURUSAN KEWANGAN :
Remainder of title PANDUAN UNTUK PENGURUS-PENGURUS SEKTOR AWAM
264 #1 - PRODUCTION, PUBLICATION, DISTRIBUTION, MANUFACTURE, AND COPYRIGHT NOTICE
Place of production, publication, distribution, manufacture Kuala Lumpur :
Name of producer, publisher, distributor, manufacturer Institut Tadbiran Awam Negara (INTAN),
Date of production, publication, distribution, manufacture, or copyright notice 2003
Date of production, publication, distribution, manufacture, or copyright notice ©2003
300 ## - PHYSICAL DESCRIPTION
Extent xi, 87 pages ;
Dimensions 21 cm
336 ## - CONTENT TYPE
Content type term text
Source rdacontent
337 ## - MEDIA TYPE
Media type term unmediated
Source rdamedia
338 ## - CARRIER TYPE
Carrier type term volume
Source rdacarrier
500 ## - GENERAL NOTE
General note Bahan Hadiah
504 ## - BIBLIOGRAPHY, ETC. NOTE
Bibliography, etc. note Bibliography : page 87
650 10 - SUBJECT ADDED ENTRY--TOPICAL TERM
Topical term or geographic name entry element Finance, Public
Geographic subdivision Malaysia
Form subdivision Handbooks, manuals, etc.
Topical term or geographic name entry element Public administration
Geographic subdivision Malaysia
Form subdivision Handbooks, manuals, etc.
942 ## - ADDED ENTRY ELEMENTS (KOHA)
Source of classification or shelving scheme Dewey Decimal Classification
Koha item type Book
Holdings
Withdrawn Not for loan Current library Shelving location Date acquired Total Checkouts Full call number Barcode Date last seen Koha item type
    Perpustakaan Alor Setar Pinjaman Dewasa 24/03/2024   352.409595 PEN A00747426 24/03/2024 Book